| 000 | 00684nam a2200229 a 4500 | ||
|---|---|---|---|
| 005 | 20210223132411.0 | ||
| 008 | 140626s2011 mx r 000 0 spa d | ||
| 020 | _a9786071604460 | ||
| 035 | _aUPN01000198368 | ||
| 049 | _aI | ||
| 050 | 4 |
_aPZ10.3 _bJ4.2 |
|
| 100 | 1 |
_aJeffers, Oliver, _d1977- _933690 |
|
| 245 | 1 | 0 |
_aArriba y abajo / _cOliver Jeffers. |
| 260 |
_aMéxico : _bFCE, _c2011. |
||
| 300 |
_a[40] p. : _bil. col. |
||
| 440 | 4 | _aLos especiales de a la orilla del viento | |
| 534 |
_pTítulo original: _tUp and down |
||
| 650 | 4 |
_aPINGUINOS - _vCUENTOS Y LEYENDAS _910808 |
|
| 650 | 4 |
_aCUENTOS INFANTILES AUSTRALIANOS _912928 |
|
| 905 | _aInfantil | ||
| 999 |
_c170469 _d170469 |
||